Clientelismo y dominio de clase : (Registro nro. 4139)

Detalles MARC
000 -LEADER
fixed length control field 00793nam a2200217Ia 4500
003 - CONTROL NUMBER IDENTIFIER
control field OSt
005 - DATE AND TIME OF LATEST TRANSACTION
control field 20200423233944.0
008 - FIXED-LENGTH DATA ELEMENTS--GENERAL INFORMATION
fixed length control field 191128s1977 ck gr 000 0 spa d
040 ## - CATALOGING SOURCE
Original cataloging agency CO-JMCR
Transcribing agency CO-JMCR
041 0# - LANGUAGE CODE
Language code of text/sound track or separate title spa
082 04 - DEWEY DECIMAL CLASSIFICATION NUMBER
Classification number 324.204 /
Item number M371c
Edition number 23
100 1# - MAIN ENTRY--PERSONAL NAME
Personal name Miranda Ontaneda, Néstor,
Relator term autor
9 (RLIN) 3497
245 10 - TITLE STATEMENT
Title Clientelismo y dominio de clase :
Remainder of title el modo de obrar político en Colombia /
Statement of responsibility, etc. Nestor Miranda Ontaneda
260 ## - PUBLICATION, DISTRIBUTION, ETC.
Place of publication, distribution, etc. Bogotá :
Name of publisher, distributor, etc. Centro de Investigación y Educación Popular,
Date of publication, distribution, etc. 1977
300 ## - PHYSICAL DESCRIPTION
Extent 70 páginas ;
Dimensions 21 cm.
504 ## - BIBLIOGRAPHY, ETC. NOTE
Bibliography, etc. note Bibliografía: páginas 67-70
505 0# - FORMATTED CONTENTS NOTE
Formatted contents note El enfoque funcionalista del clientelismo -- Clientelismo como instrumento de clases
650 14 - SUBJECT ADDED ENTRY--TOPICAL TERM
Topical term or geographic name entry element Partidos políticos
9 (RLIN) 3498
650 14 - SUBJECT ADDED ENTRY--TOPICAL TERM
Topical term or geographic name entry element Ciencias políticas
9 (RLIN) 3499
942 ## - ADDED ENTRY ELEMENTS (KOHA)
Source of classification or shelving scheme Dewey Decimal Classification
Koha item type Books
Existencias
Withdrawn status Lost status Source of classification or shelving scheme Damaged status Not for loan Collection code Home library Current library Date acquired Source of acquisition Cost, normal purchase price Total Checkouts Full call number Barcode Date last seen Copy number Koha item type
    Dewey Decimal Classification     Non-fiction Biblioteca Pública José María del Castillo y Rada Biblioteca Pública José María del Castillo y Rada 04/15/2018 Donación 0.00   324.204 / M371c 201808959 05/16/2024 Ej.1 Books